| 000 | 00921nam a2200289 a 4500 | ||
|---|---|---|---|
| 001 | 000038376 | ||
| 003 | DO-SdBNP | ||
| 005 | 20260210115647.0 | ||
| 007 | ta | ||
| 008 | 101014s2002 dr ac 001 0 spa d | ||
| 040 |
_aDO-SdBNP _bspa _cBNPHU |
||
| 082 | 4 |
_a364.1523 _bD542m, 2002 _222 |
|
| 100 | 1 |
_aDíaz, José _99448 |
|
| 245 | 1 | 0 |
_aMártires por error / _cJosé Díaz. |
| 250 | _a2a. ed. | ||
| 260 |
_aSanto Domingo : _bMediabyte, _c2002. |
||
| 300 |
_a489 p. : _bil., retrs. ; _c22 cm. |
||
| 500 | _aIncluye datos biográficos del autor en las solapas | ||
| 590 | _aInventariado, 2018/BT | ||
| 650 | 4 |
_aVíctimas de homicidio _946569 |
|
| 650 | 0 |
_aAsesinato _942986 |
|
| 650 | 4 |
_aProcesos por asesinato _zRepública Dominicana _946570 |
|
| 650 | 0 |
_aHomicidio político _931686 |
|
| 651 | 0 |
_aRepública Dominicana _xPolítica y gobierno _945 |
|
| 910 | _aValidado. Control de calidad. MFF | ||
| 942 |
_2ddc _cLBS1 |
||
| 999 |
_c37866 _d37866 |
||